000
00304nam a2200121 a 4500
005
20140414131916.0
008
101019s19uu xx 00 eng d
050
_a
ER
_b
C18 2005
245
_a
Carebears :
_b
Wish upon a star.
260
_a
New York :
_b
Scholastic ,
_c
2005.
440
_a
999
_c
111484
_d
111484